000
00247nam a22001217a 4500
082
_a
821
_b
VYA/W
100
_a
WINGS OF POESY
245
_a
WINGS OF POESY
260
_a
KERALA
_b
COSMO BOOKS
300
_a
96
650
_a
POETRY
_z
KERALA
942
_c
BK
999
_c
3892
_d
3892